GETS Theological Seminary Library

Evangelical ethics : issues facing the church today (Record no. 25990)

MARC details
000 -LEADER
fixed length control field 00675nam a2200205Ia 4500
008 - FIXED-LENGTH DATA ELEMENTS--GENERAL INFORMATION
fixed length control field 200831s9999||||xx |||||||||||||| ||und||
020 ## - INTERNATIONAL STANDARD BOOK NUMBER
International Standard Book Number 0875526225
020 ## - INTERNATIONAL STANDARD BOOK NUMBER
International Standard Book Number 9780875526225
041 ## - LANGUAGE CODE
Language code of text/sound track or separate title eng
050 ## - LIBRARY OF CONGRESS CALL NUMBER
Classification number BJ1251
Item number .D28 2004
100 ## - MAIN ENTRY--PERSONAL NAME
Personal name Davis, John Jefferson.
245 #0 - TITLE STATEMENT
Title Evangelical ethics : issues facing the church today
Remainder of title issues facing the church today /
Statement of responsibility, etc. John Jefferson Davis
250 ## - EDITION STATEMENT
Edition statement 3rd ed. Rev.ed. and enl
260 ## - PUBLICATION, DISTRIBUTION, ETC.
Place of publication, distribution, etc. Phillipsburg, N.J. :
Name of publisher, distributor, etc. P & R Pub.,
Date of publication, distribution, etc. 2004
300 ## - PHYSICAL DESCRIPTION
Extent 359 p.
Other physical details ;
Dimensions 23 cm.
650 ## - SUBJECT ADDED ENTRY--TOPICAL TERM
Topical term or geographic name entry element Christian ethics -- Presbyterian authors.
650 ## - SUBJECT ADDED ENTRY--TOPICAL TERM
Topical term or geographic name entry element Evangelicalism.
650 ## - SUBJECT ADDED ENTRY--TOPICAL TERM
Topical term or geographic name entry element Modern civilization -- 20th century.
Holdings
Withdrawn status Lost status Damaged status Not for loan Home library Current library Shelving location Date acquired Total Checkouts Full call number Barcode Date last seen Price effective from Koha item type
        GETS Theological Seminary Library GETS Theological Seminary Library General Stacks 08/31/2020   BJ1251 .D28 2004 00013019 08/31/2020 08/31/2020 English Books
OpacCredits

Contact the Librarian, GETS Library
Email: library@mygets.org









Implemented by GETS Library
(Powered by ETCA Professional Group)
GETS Theological Seminary
412 E. Rowland Street, CA 91723